Sports Quiz

Random Sports or MLB Quiz
Score 0/26 Timer 15:00
0 Plays Today
Range Event % Correct
0:00-0:091986 World Series
84.6%
1:26-1:38Tyson bites Holyfield
73.6%
2:11-2:341993 World Series
63.9%
7:11-7:30Miracle on Ice
60.7%
1:07-1:251988 World Series
60.2%
0:10-0:271992 NCAA Tournament
59.3%
2:35-2:46Super Bowl XLII
57.9%
0:46-1:06The Play
57.7%
2:47-3:051989 World Series
57.6%
4:46-5:03Aaron breaks Ruth's record
53%
5:28-5:47The Immaculate Reception
52.5%
6:16-6:36Rose breaks hits record
49.3%
6:50-7:10Pine Tar Incident
49.1%
Range Event % Correct
0:28-0:45Shot Heard ‘Round the World
48.8%
3:25-3:471954 World Series
47.4%
1:39-1:571956 World Series
46.5%
3:48-4:05The Hail Mary
45.2%
6:00-6:15Super Bowl XXIII
40.8%
4:06-4:30Babe Ruth's Called Shot
38.2%
5:15-5:271975 World Series
37.4%
4:31-4:45The Shot
35.5%
6:37-6:49The Fumble
34%
1:58-2:10Retton wins gold
33.1%
5:04-5:141958 NFL Championship
29.3%
5:48-5:59Maris breaks Ruth's record
26.9%
3:06-3:241965 NBA Playoffs
15.3%
Remove Ads.
Support Sporcle.
Get the best of Sporcle when you Go Orange. This ad-free experience offers more features, more stats, and more fun while also helping to support Sporcle. Thank you for becoming a member.

You're not logged in!

Compare scores with friends on all Sporcle quizzes.
OR
Log In

Show Comments

Extras

Top Quizzes Today


Score Distribution

Your Account Isn't Verified!

In order to create a playlist on Sporcle, you need to verify the email address you used during registration. Go to your Sporcle Settings to finish the process.

Report this User

Report this user for behavior that violates our Community Guidelines.

Details: